| 000 | 00773cam a2200205 4500 | ||
|---|---|---|---|
| 001 | WB3626-17 | ||
| 008 | 000000n2000 000 0 eng u | ||
| 035 | _a(Sirsi) u107011 | ||
| 245 | _aHome provides open floor | ||
| 260 | _c2000 | ||
| 490 |
_aEstates Gazette _v(0026) 1 July 2000, 52(1) |
||
| 520 | _aNew estate agency, Home is providing an extranet service to enable customers to monitor the sale or purchase of their homes. The service was set up in April and is updated regularly with news about the progress of a property transaction. | ||
| 590 | _aWB | ||
| 650 | _aEXTRANETS | ||
| 650 | _aPROPERTY TRANSACTIONS | ||
| 650 | _aESTATE AGENCY, HOME | ||
| 650 | _aINTERNET | ||
| 690 | _aPROPERTY-RESIDENTIAL PROPERTY-RESIDENTIAL PROPERTY MARKET | ||
| 942 | _n0 | ||
| 999 |
_c63984 _d63984 |
||